000 00521nam a22001817a 4500
005 20260225155952.0
008 260225b |||||||| |||| 00| 0 eng d
020 _a978-0-1982-9675-1
050 _aJC 421 .F33 2000
_b2
100 _aFABRE, CECILE
245 _aSOCIAL RIGHTS UNDER THE CONSTITUTION
260 _aNEW TORK
_bAUCKLAND BANGKOK
_c2000
300 _aXI, 202P
500 _aINCUIDES BIBLIOGRAPHY ,INDEX
650 _aSOCIAL RIGHT UNDER THE CONSTITUTION
700 _aFABRE , CECILE
942 _2lcc
_cBK
999 _c216674
_d216674